| 000 | 00589nam a2200205 a 4500 | ||
|---|---|---|---|
| 005 | 20140310183443.0 | ||
| 008 | 021016s19uu xx 00 eng d | ||
| 020 | _a01314833986 | ||
| 050 |
_aQA 76.73.J38 _b.D45 2007 |
||
| 100 | _aDeitel, H. M. | ||
| 245 |
_aJAVA : _bhow to program / _cH. M. Deitel. |
||
| 250 | _a6th ed. | ||
| 260 |
_aJurong, Singapore : _bPearson Education South Asia Pte, Ltd, _c2006. |
||
| 300 |
_a1576 p. : _bill. ; _c24 cm. |
||
| 500 | _aW/ CD-ROM | ||
| 521 | _aIT | ||
| 650 | _aJAVA ( computer program language ) | ||
| 942 |
_cBK _2lcc _kFOR |
||
| 999 |
_c23165 _d23165 |
||